000 01008nam a2200301 i 4500
003 EG-GICUC
005 20260329112104.0
008 260329s1889 fr ||||fr|||| 00| 0 fre d
040 _aEG-GiCUC
_bfre
_cEG-GiCUC
_dEG-GiCUC
_eRda
082 0 4 _221
_a341.78
_bLY . L
092 0 4 _221
099 _aLaw1 11 341.78 LY . L 1889
100 1 _aLyon-Caen,CH
_eAuteur
245 _aLois Françaises Et Étrangères Sur La Propriété Littéraire Et Artistique .
_hTome 2 /
_cCh. Lyon-Caen .
264 1 _aParis :
_bF. Pichon Éditeur ,
_c1889 .
300 _a425 page ;
_c24 cm.
336 _2rda contenu
_a texte
337 _2rda medias
_aOrdinateur
338 _2 transporteur rda
_a Ressource en ligne
546 _aTexte en français
650 _aDroit International Public
650 _aLégislation - Coopération Internationale
651 1 _2qrmak
700 1 _aDelalain,Paul
_eAuteur
856 4 0 _uhttps://fll.law.cu.edu.eg/fulltext/bks/B11-07271.pdf
905 _a59
942 _2ddc
_n0
_cBK
_e21
999 _c67168
_d67168